00445cam a22001692 4500001001100000005001700011008004100028020001700069040001500086100003100101245003700132250001300169260003500182300001200217650004300229852000300272000002427920151217155915.0130624s xx 000 0 eng d a9966257888 : aKABUcKABU1 aAmadi, Elechi.@000016076914aThe Great ponds /cElechi Amadi. a1st ed. aNairobi :bE. A. E. P.,c1970. a224 p. 0aNigerian fiction (English)@00001842671